Tilastot visalle Mikä suomalainen elokuva?

Klikkaa tästä pelataksesi tätä visaa!

Yleistilastot

  • Tätä visaa on pelattu 1 610 kertaa
  • Keskiarvotulos 9 / 15

Vastaustilastot

JuoniElokuva% Oikein
Lahjakas mäkihyppääjä sekoilee huipulta pohjalle.Matti
91%
Yksinäinen poika ystävystyy puolivillin kissaeläimen kanssa.Poika ja ilves
85%
Monenlaiset persoonallisuudet kohtaavat konekiväärikomppaniassa, joka rämpii läpi jatkosodan.Tuntematon sotilas
84%
Laulajaksi haluava tyttö tekee demoa nuoren DJ-miehen kanssa.Tyttö sinä olet tähti
74%
Nuoret miehet ajautuvat uskomattomiin tilanteisiin matkalla ostamaan digiboksia.Napapiirin sankarit
73%
Mielisairaalassa elävä nainen kuvittelee olevansa kuninkaallinen.Prinsessa
69%
Ankarassa kurissa kasvatetut veljekset tekevät omaisuusrikoksia.Pahat pojat
67%
Epäsiisti suomalaismies lähtee matkaoppaaksi Espanjaan ja päätyy opastamaan vaimonsa ja tämän vanhempien matkaa, josta tulee yhtä kohellusta.Uuno Epsanjassa
67%
Elämäänsä kyllästynyt mainosmies törmää jänikseen, minkä johdosta hylkää entisen elämänsä ja lähtee seikkailemaan pupujussin kanssa.Jäniksen vuosi
58%
Tutkija haastattelee aviopareja ja listaa syitä, miksi liitot päättyvät eroon.21 tapaa pilata avioliitto
54%
Orpo poika kasvaa useissa eri perheissä lappilaiskylässä ja veistelee puusta joululahjoja.Joulutarina
51%
Syöpää sairastavat pojat karkaavat sairaalasta road tripille.Menolippu Mombasaan
46%
Mies menettää muistinsa, mutta saa vähäosaisten ihmisten auttamana rakennettua uuden elämän.Mies vailla menneisyyttä
42%
Merkityksetöntä, villiä poikamieselämää viettävä mies alkaa seurustella naisen kanssa ja sotkee seksiseikkailuillaan ihmissuhteet tämän ystäväpiirissä.Levottomat
39%
Saunovat miehet avautuvat kokemuksistaan.Miesten vuoro
37%

Tulosjakauma

Persentiili vastausten määrän mukaan

Jokaisen tuloksen saaneiden osuus

Tuloshistoriasi

Et ole pelannut tätä visaa